Statistics for Országok Legközelebb Magyarország - Egy Perc Vágta

Click here to take the quiz!

General Stats

  • This quiz has been taken 196 times
  • The average score is 11 of 20

Answer Stats

kmország% Correct
0Szlovákia
97%
0Románia
95%
0Ausztria
93%
0Ukrajna
92%
0Szerbia
90%
0Szlovénia
90%
0Horvátország
86%
76Lengyelország
57%
69Csehország
52%
220Németország
52%
68Bosznia és Hercegovina
42%
428Svájc
41%
187Olaszország
37%
246Montenegró
32%
279Moldova
31%
258Bulgária
28%
318Koszovó
25%
357Albánia
20%
357Fehéroroszország
11%
421San Marino
8%

Score Distribution

Percentile by Number Answered

Percent of People with Each Score

Your Score History

You have not taken this quiz